[Event "FRA-chT Top 16 Basse"]
[Site "Belfort"]
[Date "2025.06.01"]
[Round "4.6"]
[White "Sebag, Marie"]
[Black "Guerlach, Keigo"]
[Result "1/2-1/2"]
[WhiteElo "2448"]
[BlackElo "2148"]
[PlyCount "25"]
[EventDate "2025.05.29"]
[EventType "team-tourn"]
[EventRounds "4"]
[EventCountry "FRA"]
[SourceTitle "CB23_2025"]
[SourceDate "2025.06.04"]
[SourceVersion "1"]
[SourceVersionDate "2025.06.04"]
[SourceQuality "1"]
[WhiteTeam "Chalon"]
[BlackTeam "Bois Colombes"]
[WhiteTeamCountry "FRA"]
[BlackTeamCountry "FRA"]

1. e4 e5 2. Nf3 Nf6 3. Nxe5 d6 4. Nf3 Nxe4 5. Qe2 Qe7 6. d3 Nf6 7. Bg5 Qxe2+ 8. Bxe2 Be7 9. 0-0 0-0 10. Re1 h6 11. Bh4 Nc6 12. c3 Nd5 13. Bxe7 1/2-1/2

[Event "FRA-chT Top 16 GpB"]
[Site "Belfort"]
[Date "2025.05.25"]
[Round "4.6"]
[White "Sebag, Marie"]
[Black "Boyer, Mahel"]
[Result "0-1"]
[WhiteElo "2448"]
[BlackElo "2521"]
[PlyCount "106"]
[EventDate "2025.05.22"]
[EventType "team-tourn"]
[EventRounds "7"]
[EventCountry "FRA"]
[SourceTitle "CB22_2025"]
[SourceDate "2025.05.28"]
[SourceVersion "1"]
[SourceVersionDate "2025.05.28"]
[SourceQuality "1"]
[WhiteTeam "Chalon"]
[BlackTeam "Aix En Provence"]
[WhiteTeamCountry "FRA"]
[BlackTeamCountry "FRA"]

1. e4 e6 2. d4 d5 3. Nd2 a6 4. Bd3 c5 5. dxc5 Bxc5 6. Ngf3 Nf6 7. 0-0 dxe4 8. Nxe4 Nxe4 9. Bxe4 Nd7 10. Bf4 Nf6 11. Qxd8+ Kxd8 12. Nd2 Ke7 13. Bf3 Rd8 14. Nb3 Bd6 15. Be3 Nd7 16. Na5 Rb8 17. Ba7 Ra8 18. Be3 Ne5 19. Bxb7 Rb8 20. Be4 Rb5 21. Rfd1 Rxa5 22. Bb6 Ra4 23. f4 Nd7 24. Bxd8+ Kxd8 25. Rxd6 Rxe4 26. Rad1 Rxf4 27. Rc6 e5 28. c4 Rf6 29. Rxf6 gxf6 30. b4 Ke7 31. c5 f5 32. Rd6 Bb7 33. g3 f4 34. gxf4 exf4 35. h3 f3 36. Kf2 Ne5 37. a4 Bc6 38. a5 f6 39. Rd4 Kf7 40. Kg3 Kg6 41. Kf2 Kg5 42. Ke3 Bb5 43. Kf2 h6 44. Kg3 f5 45. h4+ Kg6 46. Rd6+ Kf7 47. Rd4 Bc6 48. Rf4 Be4 49. b5 axb5 50. a6 Nc6 51. h5 b4 52. Rh4 b3 53. Rh2 Bc2 0-1

[Event "FRA-chT Top 16 GpB"]
[Site "Belfort"]
[Date "2025.05.24"]
[Round "3.4"]
[White "Shoker, Samy"]
[Black "Sebag, Marie"]
[Result "1/2-1/2"]
[WhiteElo "2456"]
[BlackElo "2448"]
[PlyCount "41"]
[EventDate "2025.05.22"]
[EventType "team-tourn"]
[EventRounds "7"]
[EventCountry "FRA"]
[SourceTitle "CB22_2025"]
[SourceDate "2025.05.28"]
[SourceVersion "1"]
[SourceVersionDate "2025.05.28"]
[SourceQuality "1"]
[WhiteTeam "Clichy Echecs 92"]
[BlackTeam "Chalon"]
[WhiteTeamCountry "FRA"]
[BlackTeamCountry "FRA"]

1. Nf3 d5 2. g3 g6 3. Bg2 Bg7 4. 0-0 e5 5. d3 Ne7 6. e4 0-0 7. b3 Nbc6 8. Bb2 h6 9. a3 a5 10. exd5 Nxd5 11. Nbd2 Re8 12. Re1 Nb6 13. Rb1 Nd4 14. Nxd4 exd4 15. Rxe8+ Qxe8 16. a4 c6 17. Qe1 Be6 18. Ne4 Qe7 19. Ra1 Nd5 20. Ba3 Nb4 21. Nd2 1/2-1/2

[Event "FRA-chT Top 16 GpB"]
[Site "Belfort"]
[Date "2025.05.22"]
[Round "1.7"]
[White "Sebag, Marie"]
[Black "Pourquet, Matthieu"]
[Result "0-1"]
[WhiteElo "2448"]
[BlackElo "2298"]
[PlyCount "62"]
[EventDate "2025.05.22"]
[EventType "team-tourn"]
[EventRounds "7"]
[EventCountry "FRA"]
[SourceTitle "CB22_2025"]
[SourceDate "2025.05.28"]
[SourceVersion "1"]
[SourceVersionDate "2025.05.28"]
[SourceQuality "1"]
[WhiteTeam "Chalon"]
[BlackTeam "Vandoeuvre"]
[WhiteTeamCountry "FRA"]
[BlackTeamCountry "FRA"]

1. e4 e6 2. d4 d5 3. e5 c5 4. c3 Nc6 5. Nf3 Bd7 6. Be2 Nge7 7. Na3 cxd4 8. cxd4 Nf5 9. Nc2 Be7 10. 0-0 0-0 11. Bd3 f6 12. Bxf5 exf5 13. Re1 Be8 14. Qd3 fxe5 15. dxe5 f4 16. Ncd4 Bg6 17. Qb3 Nxd4 18. Nxd4 Bc5 19. Ne6 Bxf2+ 20. Kxf2 Qh4+ 21. Kf1 f3 22. Nxf8 Rxf8 23. gxf3 Qxh2 24. Qxd5+ Kh8 25. f4 Bf5 26. Re3 Qxf4+ 27. Rf3 Bh3+ 28. Ke2 Qg4 29. Bf4 Bg2 30. Raf1 g5 31. Be3 Bxf1+ 0-1

[Event "FRA-chT Top 12 (Women) GpA"]
[Site "Paris"]
[Date "2025.05.08"]
[Round "1.9"]
[White "Sebag, Marie"]
[Black "Savina, Anastasia"]
[Result "1-0"]
[WhiteElo "2448"]
[BlackElo "2332"]
[PlyCount "85"]
[EventDate "2025.05.08"]
[EventType "team-tourn"]
[EventRounds "5"]
[EventCountry "FRA"]
[SourceTitle "CB20_2025"]
[SourceDate "2025.05.14"]
[SourceVersion "1"]
[SourceVersionDate "2025.05.14"]
[SourceQuality "1"]
[WhiteTeam "Chalonne (W)"]
[BlackTeam "Vandoeuvre (W)"]
[WhiteTeamCountry "FRA"]
[BlackTeamCountry "FRA"]

1. e4 c5 2. Nf3 Nc6 3. Bb5 e6 4. 0-0 Nge7 5. Re1 a6 6. Bf1 d5 7. exd5 Nxd5 8. d4 cxd4 9. Nxd4 Ndb4 10. Nxc6 Qxd1 11. Rxd1 bxc6 12. Na3 a5 13. Bf4 f6 14. Bd6 Ba6 15. Nc4 Bxc4 16. Bxc4 Nd5 17. Bg3 Bc5 18. Rd2 Ke7 19. Rad1 Rhd8 20. Be2 e5 21. Bf3 Rab8 22. c3 Rd6 23. Kf1 Nf4 24. Bxf4 exf4 25. Re2+ Re6 26. b3 Rxe2 27. Kxe2 Bd6 28. Bxc6 Rc8 29. Be4 Rxc3 30. Bxh7 f3+ 31. gxf3 Rc5 32. h4 Re5+ 33. Kf1 Rh5 34. Be4 Rxh4 35. Rd5 Bb4 36. a3 Bxa3 37. Rxa5 Rh1+ 38. Kg2 Ra1 39. Ra7+ Kd6 40. f4 Ra2 41. b4 g5 42. Ra6+ Kc7 43. b5 1-0

[Event "Cap d'Agde Pool B"]
[Site "Cap d'Agde"]
[Date "2024.11.02"]
[Round "2"]
[White "Barseghyan, Harutyun"]
[Black "Sebag, Marie"]
[Result "1-0"]
[WhiteElo "2438"]
[BlackElo "2448"]
[PlyCount "33"]
[EventDate "2024.11.02"]
[EventType "tourn (blitz)"]
[EventRounds "7"]
[EventCountry "FRA"]
[EventCategory "10"]
[SourceTitle "CB45_2024"]
[Source "ChessBase"]
[SourceDate "2024.11.06"]
[SourceVersion "1"]
[SourceVersionDate "2024.11.06"]
[SourceQuality "1"]

1. d4 d5 2. Nf3 Nf6 3. Bf4 c5 4. e3 Nc6 5. Nbd2 e6 6. c3 Bd6 7. Bg3 0-0 8. Bb5 Qe7 9. Bxc6 bxc6 10. Qa4 Bxg3 11. hxg3 cxd4 12. cxd4 c5 13. Qa3 a5 14. Nb3 Ne4 15. Nxc5 Nxc5 16. Qxc5 Qb7 17. Qc2 1-0

[Event "Cap d'Agde Pool B"]
[Site "Cap d'Agde"]
[Date "2024.11.02"]
[Round "6"]
[White "Sebag, Marie"]
[Black "Travadon, Loic"]
[Result "0-1"]
[WhiteElo "2448"]
[BlackElo "2419"]
[PlyCount "130"]
[EventDate "2024.11.02"]
[EventType "tourn (blitz)"]
[EventRounds "7"]
[EventCountry "FRA"]
[EventCategory "10"]
[SourceTitle "CB45_2024"]
[Source "ChessBase"]
[SourceDate "2024.11.06"]
[SourceVersion "1"]
[SourceVersionDate "2024.11.06"]
[SourceQuality "1"]

1. e4 e5 2. Nf3 d6 3. d4 exd4 4. Nxd4 Nf6 5. Nc3 Be7 6. g3 d5 7. e5 Ng4 8. e6 Nf6 9. exf7+ Kxf7 10. Bg2 c6 11. 0-0 Re8 12. Nb3 Na6 13. Be3 Nc7 14. Bc5 Bf5 15. Bxe7 Qxe7 16. Nd4 Bg6 17. Qd2 Qd6 18. Rfe1 a6 19. f4 Kg8 20. h3 c5 21. Nf3 d4 22. Ne5 Rad8 23. Nxg6 dxc3 24. Qxd6 Rxd6 25. Ne7+ Kf8 26. Nf5 Rxe1+ 27. Rxe1 Rd2 28. bxc3 Rxc2 29. Bxb7 Rxa2 30. Re5 Ra1+ 31. Kf2 Rb1 32. Nd6 a5 33. Rxc5 Ne6 34. Rxa5 Rb6 35. Ra6 Rb2+ 36. Kf3 Ke7 37. Nf5+ Kd7 38. Bc6+ Kc7 39. Ba4 Nd8 40. Nxg7 Nd5 41. Rh6 Nxc3 42. Be8 Rb3 43. Kg4 Ne4 44. Nf5 Kc8 45. Nd6+ Nxd6 46. Rxd6 Nb7 47. Rh6 Kd8 48. Bc6 Nc5 49. Rxh7 Rb6 50. Bf3 Nd7 51. Rh8+ Ke7 52. Rh7+ Kd8 53. Rh8+ Ke7 54. Kg5 Rb5+ 55. f5 Ne5 56. Be4 Nf7+ 57. Kf4 Nxh8 58. g4 Nf7 59. h4 Rb4 60. Ke3 Nd6 61. Bf3 Nc4+ 62. Kd4 Nd2+ 63. Kc3 Rb3+ 64. Kxd2 Rxf3 65. Ke2 Rf4 0-1

[Event "FRA-ch 97th"]
[Site "L'Alpe d'Huez"]
[Date "2024.08.17"]
[Round "1.2"]
[White "Sebag, Marie"]
[Black "Moussard, Jules"]
[Result "0-1"]
[WhiteElo "2454"]
[BlackElo "2596"]
[PlyCount "98"]
[EventDate "2024.08.16"]
[EventType "k.o."]
[EventRounds "4"]
[EventCountry "FRA"]
[SourceTitle "CBM 221 Extra"]
[Source "ChessBase"]
[SourceDate "2024.09.30"]
[SourceVersion "1"]
[SourceVersionDate "2024.09.30"]
[SourceQuality "1"]

1. e4 c5 2. Nf3 d6 3. Bb5+ Bd7 4. Bxd7+ Nxd7 5. 0-0 e6 6. Qe2 Be7 7. c4 Bf6 8. Rd1 Ne7 9. d4 cxd4 10. Nxd4 a6 11. Nc3 Rc8 12. Be3 0-0 13. Rac1 Nc6 14. Nb3 Qe7 15. f4 Rfd8 16. c5 Nxc5 17. Bxc5 dxc5 18. e5 Bh4 19. Ne4 Rxd1+ 20. Qxd1 c4 21. Rxc4 Rd8 22. Qh5 g6 23. Qf3 Qc7 24. Nd6 Be7 25. Ne4 Qb6+ 26. Kh1 Qb5 27. Rc1 a5 28. Qf2 Nb4 29. Nf6+ Bxf6 30. exf6 h5 31. Rf1 a4 32. Nc5 Rd2 33. Qg1 Nd5 34. Ne4 Re2 35. Ng5 Nxf4 36. Rxf4 Qxg5 37. Rf1 Rxb2 38. a3 b5 39. h3 Rd2 40. Kh2 Qe5+ 41. Kh1 Qg5 42. Kh2 Kh7 43. Kh1 Qd5 44. Rc1 g5 45. Qf1 Kg6 46. Rb1 Rd3 47. Kg1 Rxa3 48. Rxb5 Qd4+ 49. Kh2 Ra1 0-1

[Event "Titled Tuesday intern op 06th Aug Early"]
[Site "Chess.com INT"]
[Date "2024.08.06"]
[Round "11"]
[White "Fiedorek, Michal"]
[Black "Sebag, Marie"]
[Result "0-1"]
[WhiteElo "2297"]
[BlackElo "2454"]
[PlyCount "66"]
[EventDate "2024.08.06"]
[EventType "swiss (blitz)"]
[EventRounds "11"]
[EventCountry "USA"]
[SourceTitle "EXT 2025"]
[Source "ChessBase"]
[SourceDate "2024.10.14"]
[SourceVersion "1"]
[SourceVersionDate "2024.10.14"]
[SourceQuality "1"]

1. e4 c5 2. Nf3 d6 3. d4 cxd4 4. Nxd4 Nf6 5. Nc3 Bd7 6. f3 Nc6 7. Be3 e6 8. g4 h6 9. Qd2 a6 10. 0-0-0 Qc7 11. h4 b5 12. Nxc6 Bxc6 13. Bd3 b4 14. Ne2 a5 15. Nd4 Nd7 16. Qe2 Ne5 17. Bb5 Bxb5 18. Nxb5 Qc6 19. Nd4 Qc4 20. Qxc4 Nxc4 21. Bf2 Rc8 22. b3 Na3 23. Rd2 Be7 24. f4 0-0 25. g5 h5 26. f5 e5 27. Nf3 Rc3 28. Ne1 Rfc8 29. Bb6 a4 30. Rhh2 axb3 31. axb3 Rxb3 32. Kd1 Rb1+ 33. Ke2 Nc4 0-1

[Event "Titled Tuesday intern op 06th Aug Late"]
[Site "Chess.com INT"]
[Date "2024.08.06"]
[Round "10"]
[White "Jahnz, Laurin"]
[Black "Sebag, Marie"]
[Result "0-1"]
[WhiteElo "2086"]
[BlackElo "2454"]
[PlyCount "112"]
[EventDate "2024.08.06"]
[EventType "swiss (blitz)"]
[EventRounds "11"]
[EventCountry "USA"]
[SourceTitle "EXT 2025"]
[Source "ChessBase"]
[SourceDate "2024.10.14"]
[SourceVersion "1"]
[SourceVersionDate "2024.10.14"]
[SourceQuality "1"]

1. e4 c5 2. Nf3 d6 3. Bb5+ Nc6 4. 0-0 Bd7 5. Qe2 a6 6. Bxc6 Bxc6 7. Rd1 Nf6 8. d3 g6 9. c3 Bg7 10. Bg5 0-0 11. Nbd2 h6 12. Bh4 Qb6 13. Nc4 Qc7 14. Ne3 e5 15. Bxf6 Bxf6 16. a4 Bg7 17. a5 f5 18. Nd5 Qf7 19. c4 Rae8 20. Rab1 g5 21. b4 cxb4 22. Rxb4 g4 23. Nh4 fxe4 24. dxe4 h5 25. Nf5 Kh7 26. Nxd6 Qg6 27. Nxe8 Rxe8 28. Nc3 Bf8 29. Rb2 Bc5 30. Nd5 Rf8 31. Rf1 h4 32. g3 Bd4 33. Rb3 Qh5 34. gxh4 Rf3 35. Rxf3 gxf3 36. Nf6+ Kg6 37. Nxh5 fxe2 38. Re1 Kxh5 39. Rxe2 Kg4 40. Kg2 Bc3 41. h3+ Kxh4 42. f4 exf4 43. Kf3 Be5 44. Rd2 Kxh3 45. Rd8 Kh4 46. Rg8 Bc7 47. Rg7 Bxa5 48. Kxf4 Bd2+ 49. Kf5 a5 50. e5 a4 51. e6 a3 52. e7 a2 53. Rg1 Bc3 54. Rh1+ Kg3 55. Rh6 Bd7+ 56. Re6 a1Q 0-1

[Event "Titled Tuesday intern op 06th Aug Early"]
[Site "Chess.com INT"]
[Date "2024.08.06"]
[Round "4"]
[White "Sebag, Marie"]
[Black "Sevostianov, Vladimir"]
[Result "1-0"]
[WhiteElo "2454"]
[BlackElo "2107"]
[PlyCount "135"]
[EventDate "2024.08.06"]
[EventType "swiss (blitz)"]
[EventRounds "11"]
[EventCountry "USA"]
[SourceTitle "EXT 2025"]
[Source "ChessBase"]
[SourceDate "2024.10.14"]
[SourceVersion "1"]
[SourceVersionDate "2024.10.14"]
[SourceQuality "1"]

1. e4 e5 2. Nf3 Nc6 3. Nc3 Nf6 4. a4 d6 5. a5 a6 6. Bc4 Be7 7. d3 h6 8. h3 0-0 9. 0-0 Nh7 10. Nd5 Bg5 11. Nxg5 Nxg5 12. f4 exf4 13. Bxf4 Ne6 14. Qh5 Nxf4 15. Rxf4 Ne5 16. Bb3 Be6 17. d4 Ng6 18. Rf2 Bxd5 19. Bxd5 Qg5 20. Qxg5 hxg5 21. Bxb7 Ra7 22. Bd5 Ne7 23. Bb3 c6 24. Raf1 d5 25. Re1 Rd8 26. exd5 Nxd5 27. Re5 f6 28. Re6 Rc7 29. Bc4 Kf8 30. c3 Nf4 31. Re1 c5 32. Bxa6 cxd4 33. cxd4 Ra7 34. Bf1 Rxa5 35. g3 Nd5 36. Rf5 Ra4 37. Bg2 Ne7 38. Rb5 Raxd4 39. Rb7 R8d7 40. Rxd7 Rxd7 41. b4 Nf5 42. b5 Rd2 43. b6 Rb2 44. b7 Nd6 45. Rc1 Ke7 46. Rc8 Nxb7 47. Rc7+ Ke6 48. Rxb7 Rc2 49. Rxg7 Rc3 50. g4 f5 51. Rxg5 fxg4 52. hxg4 Kf6 53. Rf5+ Kg6 54. Kh2 Ra3 55. Bf3 Kh6 56. Kg3 Kg6 57. Rb5 Ra1 58. Kf4 Ra4+ 59. Be4+ Kf6 60. Rb6+ Kg7 61. g5 Ra5 62. Rb7+ Kf8 63. g6 Kg8 64. Bf5 Kh8 65. Kg5 Re5 66. Kh6 Re6 67. Rb8+ Re8 68. Rxe8# 1-0

[Event "Titled Tuesday intern op 06th Aug Late"]
[Site "Chess.com INT"]
[Date "2024.08.06"]
[Round "6"]
[White "Sebag, Marie"]
[Black "Shohat, Yotam"]
[Result "1-0"]
[WhiteElo "2454"]
[BlackElo "2415"]
[PlyCount "91"]
[EventDate "2024.08.06"]
[EventType "swiss (blitz)"]
[EventRounds "11"]
[EventCountry "USA"]
[SourceTitle "EXT 2025"]
[Source "ChessBase"]
[SourceDate "2024.10.14"]
[SourceVersion "1"]
[SourceVersionDate "2024.10.14"]
[SourceQuality "1"]

1. e4 e5 2. Nf3 Nc6 3. Nc3 Nf6 4. a4 Bc5 5. Nxe5 Nxe5 6. d4 Bd6 7. dxe5 Bxe5 8. Bd3 0-0 9. 0-0 Bxc3 10. bxc3 h6 11. e5 Nd5 12. Qf3 Ne7 13. Qg3 Ng6 14. f4 Qh4 15. Qxh4 Nxh4 16. f5 Re8 17. g3 Rxe5 18. gxh4 d5 19. Bf4 Re7 20. Rae1 Rxe1 21. Rxe1 Bd7 22. a5 c5 23. Re7 Bc6 24. c4 d4 25. Be4 Bxe4 26. Rxe4 Rd8 27. Re7 d3 28. cxd3 Rxd3 29. Rxb7 Rd4 30. Bg3 a6 31. Rb6 Rxc4 32. Rxa6 Ra4 33. Be1 Kf8 34. Rc6 c4 35. Rc7 Ke8 36. Kf1 g6 37. fxg6 fxg6 38. Rh7 h5 39. Rg7 Ra1 40. Rxg6 c3 41. Rc6 Rxa5 42. Rxc3 Rb5 43. Rg3 Kf7 44. Rg5 Rb2 45. Bg3 Kf6 46. Be5+ 1-0

[Event "Titled Tuesday intern op 16th Jul Early"]
[Site "Chess.com INT"]
[Date "2024.07.16"]
[Round "4"]
[White "Liyanage, Ranindu Dilshan"]
[Black "Sebag, Marie"]
[Result "0-1"]
[WhiteElo "2370"]
[BlackElo "2454"]
[PlyCount "82"]
[EventDate "2024.07.16"]
[EventType "swiss (blitz)"]
[EventRounds "11"]
[EventCountry "USA"]
[SourceTitle "EXT 2025"]
[Source "ChessBase"]
[SourceDate "2024.10.14"]
[SourceVersion "1"]
[SourceVersionDate "2024.10.14"]
[SourceQuality "1"]

1. e4 c5 2. Nf3 d6 3. Bb5+ Bd7 4. Bxd7+ Qxd7 5. 0-0 Nf6 6. Qe2 Nc6 7. c3 e6 8. d4 cxd4 9. cxd4 d5 10. e5 Ne4 11. Be3 Be7 12. Ne1 f6 13. f3 Ng5 14. Nd3 0-0 15. f4 Ne4 16. Nd2 f5 17. Rac1 Rac8 18. Rfd1 h6 19. g4 fxg4 20. Qxg4 Nb4 21. Rxc8 Qxc8 22. Nxb4 Bxb4 23. Nxe4 dxe4 24. Rc1 Qd7 25. Qg6 Rf5 26. Rd1 Qd5 27. a3 Ba5 28. Qg2 Bb6 29. Qf2 Rf8 30. Rc1 Kh7 31. h4 Rd8 32. Rd1 Rc8 33. Kh2 Qb3 34. Rd2 Rc1 35. f5 exf5 36. Qxf5+ Kg8 37. Bxh6 Rc2 38. e6 Bc7+ 39. Kg2 Qg3+ 40. Kf1 Rc1+ 41. Ke2 Re1# 0-1

[Event "Titled Tuesday intern op 16th Jul Late"]
[Site "Chess.com INT"]
[Date "2024.07.16"]
[Round "3"]
[White "Schnaider, Ilan"]
[Black "Sebag, Marie"]
[Result "0-1"]
[WhiteElo "2391"]
[BlackElo "2454"]
[PlyCount "110"]
[EventDate "2024.07.16"]
[EventType "swiss (blitz)"]
[EventRounds "11"]
[EventCountry "USA"]
[SourceTitle "EXT 2025"]
[Source "ChessBase"]
[SourceDate "2024.10.14"]
[SourceVersion "1"]
[SourceVersionDate "2024.10.14"]
[SourceQuality "1"]

1. e4 c5 2. Nf3 d6 3. d4 cxd4 4. Nxd4 Nf6 5. Nc3 a6 6. Nb3 Nc6 7. Bg5 e6 8. g4 b5 9. Bg2 Bb7 10. Qe2 b4 11. Na4 Ne5 12. f4 Ned7 13. 0-0-0 Qc7 14. e5 dxe5 15. fxe5 Bxg2 16. Qxg2 Nd5 17. Rhe1 Qc6 18. Rxd5 Qxd5 19. Qf2 Rc8 20. Rf1 f6 21. Rd1 Qc6 22. exf6 gxf6 23. Rxd7 Qxd7 24. Qxf6 Bg7 25. Qf3 Qxa4 26. Qb7 Qd7 27. Qf3 Rf8 28. Qe2 Qc6 29. Nc5 Qh1+ 30. Kd2 Qd5+ 31. Nd3 Rf3 32. h4 Rxd3+ 33. cxd3 Bxb2 34. Qf2 Bc1+ 35. Kd1 Bxg5 36. hxg5 Qxd3+ 37. Qd2 Qxd2+ 38. Kxd2 Rc5 39. g6 hxg6 40. a3 Rb5 41. axb4 Rxb4 42. Kc3 Rxg4 43. Kb3 Rf4 44. Ka3 g5 45. Kb3 g4 46. Kc3 g3 47. Kd3 g2 48. Ke3 Rg4 49. Ke2 g1Q 50. Kf3 Qg2+ 51. Ke3 Re4+ 52. Kd3 Qe2+ 53. Kc3 Rc4+ 54. Kb3 Qc2+ 55. Ka3 Ra4# 0-1

[Event "French Blitz op"]
[Site "Saint Maur des Fosses"]
[Date "2024.06.16"]
[Round "10"]
[White "Boyer, Mahel"]
[Black "Sebag, Marie"]
[Result "0-1"]
[WhiteElo "2455"]
[BlackElo "2441"]
[PlyCount "152"]
[EventDate "2024.06.16"]
[EventType "swiss (blitz)"]
[EventRounds "13"]
[EventCountry "FRA"]
[SourceTitle "CBM 220 Extra"]
[Source "ChessBase"]
[SourceDate "2024.07.31"]
[SourceVersion "1"]
[SourceVersionDate "2024.07.31"]
[SourceQuality "1"]

1. Nf3 d5 2. e3 Nf6 3. b3 g6 4. c4 c6 5. Bb2 Bg7 6. Be2 0-0 7. 0-0 Bg4 8. d3 Nbd7 9. Nbd2 Re8 10. h3 Bxf3 11. Nxf3 e5 12. cxd5 cxd5 13. b4 a6 14. Qb3 Qe7 15. Rac1 Rac8 16. a4 e4 17. dxe4 dxe4 18. Nd4 Ne5 19. b5 axb5 20. Bxb5 Ned7 21. Rfd1 Red8 22. Be2 Nc5 23. Qb5 Nd3 24. Bxd3 exd3 25. Qxd3 Ne4 26. Rc2 Rxc2 27. Qxc2 h5 28. Rc1 Re8 29. Nf3 Bxb2 30. Qxb2 Qd7 31. a5 Qa4 32. Ra1 Qd7 33. Qc2 Qf5 34. Qc7 g5 35. Rf1 g4 36. Nd4 Qg5 37. hxg4 hxg4 38. g3 Qh5 39. Qd7 Re5 40. Qd8+ Kg7 41. Qc7 Nd2 42. Rd1 Nf3+ 43. Nxf3 gxf3 44. Qxb7 Rf5 45. Qa6 Rxa5 46. Qc4 Qh3 47. Qf1 Qh6 48. Qc4 Qh3 49. Qf1 Qh6 50. Qc4 Qh3 51. Qf1 Qh6 52. Rd4 Rh5 53. Rg4+ Kf8 54. Rh4 Rxh4 55. gxh4 Qxh4 56. e4 Ke7 57. e5 Kf8 58. Qd1 Qg4+ 59. Kf1 Qg2+ 60. Ke1 Qg1+ 61. Kd2 Qxf2+ 62. Kd3 Ke7 63. Qc1 Qe2+ 64. Kd4 Kd7 65. Qf4 Ke8 66. Qg4 Qd2+ 67. Kc5 f2 68. e6 Qe3+ 69. Kb5 Qe5+ 70. Kb4 Qxe6 71. Qf3 Qe1+ 72. Ka4 f1Q 73. Qc6+ Kf8 74. Qc5+ Kg7 75. Qg5+ Kf8 76. Qc5+ Qe7 0-1

[Event "Titled Tuesday intern op 11th Jun Late"]
[Site "Chess.com INT"]
[Date "2024.06.11"]
[Round "10"]
[White "Adla, Diego Gustavo"]
[Black "Sebag, Marie"]
[Result "0-1"]
[WhiteElo "2390"]
[BlackElo "2441"]
[PlyCount "148"]
[EventDate "2024.06.11"]
[EventType "swiss (blitz)"]
[EventRounds "11"]
[EventCountry "USA"]
[SourceTitle "EXT 2025"]
[Source "ChessBase"]
[SourceDate "2024.10.14"]
[SourceVersion "1"]
[SourceVersionDate "2024.10.14"]
[SourceQuality "1"]

1. Nf3 d5 2. c4 c6 3. cxd5 cxd5 4. d4 Nc6 5. Nc3 Nf6 6. Bf4 a6 7. Ne5 e6 8. e3 Nxe5 9. Bxe5 Nd7 10. Bg3 Be7 11. Bd3 0-0 12. 0-0 b5 13. a4 b4 14. Nb1 Bb7 15. Nd2 Nf6 16. Nb3 Ne4 17. a5 Nxg3 18. hxg3 Rc8 19. Qe2 Rc6 20. Rfc1 Qd7 21. Rxc6 Qxc6 22. Kh2 Bd6 23. Qd2 Bc8 24. f4 h6 25. Qd1 Rd8 26. Rc1 Qa4 27. Ra1 Qc6 28. Qd2 g6 29. Qe2 Kg7 30. Qe1 h5 31. Qe2 Rh8 32. Rc1 Qa4 33. Qd1 h4 34. gxh4 Rxh4+ 35. Kg1 Rh8 36. Qc2 Qd7 37. Qe2 Qe7 38. g3 Qb7 39. Nc5 Bxc5 40. Rxc5 Rd8 41. b3 Rd6 42. Qg4 Rc6 43. Qg5 Rxc5 44. dxc5 Qc7 45. Qe5+ Qxe5 46. fxe5 Kf8 47. e4 Ke7 48. exd5 exd5 49. Kf2 Ke6 50. Ke3 Kxe5 51. Be2 d4+ 52. Kd2 Kd5 53. Bc4+ Kxc5 54. Bxf7 g5 55. Bc4 Bb7 56. Kd3 Bc8 57. Kd2 Kd6 58. Kd3 Ke5 59. Kd2 Bb7 60. Kd3 Bc8 61. Kd2 Ke4 62. Bd3+ Kf3 63. Bc4 Kxg3 64. Kd3 g4 65. Kxd4 Kf2 66. Bd5 g3 67. Kc5 Be6 68. Bc6 Bxb3 69. Kxb4 Bd1 70. Bh1 Bf3 71. Bxf3 Kxf3 72. Kc5 g2 73. Kb6 g1Q+ 74. Kxa6 Qc5 0-1

[Event "Titled Tuesday intern op 11th Jun Late"]
[Site "Chess.com INT"]
[Date "2024.06.11"]
[Round "7"]
[White "Annaberdiyev, Babageldi"]
[Black "Sebag, Marie"]
[Result "0-1"]
[WhiteElo "2208"]
[BlackElo "2441"]
[PlyCount "108"]
[EventDate "2024.06.11"]
[EventType "swiss (blitz)"]
[EventRounds "11"]
[EventCountry "USA"]
[SourceTitle "EXT 2025"]
[Source "ChessBase"]
[SourceDate "2024.10.14"]
[SourceVersion "1"]
[SourceVersionDate "2024.10.14"]
[SourceQuality "1"]

1. e4 d5 2. exd5 Qxd5 3. Nc3 Qa5 4. d4 Nf6 5. Nf3 Bf5 6. Bd2 c6 7. Bc4 e6 8. 0-0 Nbd7 9. Qe2 Bb4 10. a3 Bxc3 11. Bxc3 Qc7 12. Ne5 0-0 13. Rad1 Nxe5 14. dxe5 Nd5 15. Bxd5 cxd5 16. Bb4 Rfc8 17. c3 a5 18. Bd6 Qb6 19. Rd4 Qb3 20. Rfd1 b5 21. g4 Bg6 22. h4 h6 23. f4 Rc4 24. h5 Be4 25. Kf2 Rac8 26. R1d2 Rxd4 27. Rxd4 Rc4 28. Rxc4 bxc4 29. Bc5 Qa2 30. Kg3 Qb1 31. Bd4 Bc2 32. g5 hxg5 33. fxg5 Qxb2 34. g6 fxg6 35. hxg6 Qc1 36. Qh5 Qe1+ 37. Bf2 Qxc3+ 38. Kh2 Bxg6 39. Qxg6 Qxe5+ 40. Bg3 Qf5 41. Qxf5 exf5 42. a4 c3 43. Be1 c2 44. Bd2 Kf7 45. Kg3 Ke6 46. Kf4 d4 47. Kf3 Kd5 48. Kf4 g6 49. Kf3 Kc4 50. Ke2 d3+ 51. Ke3 g5 52. Kf3 f4 53. Ke4 c1Q 54. Bxc1 Kc3 0-1

[Event "Titled Tuesday intern op 11th Jun Late"]
[Site "Chess.com INT"]
[Date "2024.06.11"]
[Round "2"]
[White "Sebag, Marie"]
[Black "Fernandez Siles, Luis"]
[Result "1-0"]
[WhiteElo "2441"]
[BlackElo "2191"]
[PlyCount "37"]
[EventDate "2024.06.11"]
[EventType "swiss (blitz)"]
[EventRounds "11"]
[EventCountry "USA"]
[SourceTitle "EXT 2025"]
[Source "ChessBase"]
[SourceDate "2024.10.14"]
[SourceVersion "1"]
[SourceVersionDate "2024.10.14"]
[SourceQuality "1"]

1. e4 c5 2. Nf3 Nc6 3. d4 cxd4 4. Nxd4 Nf6 5. Nc3 e5 6. Ndb5 d6 7. Bg5 a6 8. Na3 b5 9. Nd5 Be7 10. Bxf6 Bxf6 11. c4 Nd4 12. Nc2 Qa5+ 13. b4 Nxc2+ 14. Qxc2 Qa3 15. Nc7+ Ke7 16. Nxa8 Qxb4+ 17. Qd2 Qc5 18. cxb5 Bg4 19. Rc1 1-0